000 01115cam a2200229 4500
008 030124n2003 000 0 eng u
020 _a1842191322
035 _a(Sirsi) u121120
041 _aeng.
100 _aGoodchild, Barry
245 _aBetween social housing and the market: developing and managing market renting schemes by housing associations
260 _aLondon
_bRICS
_c2003
300 _a24p.
_c30cm.
350 _a10.50
520 _aProvides an account of activity by housing associations in the field of market renting, based largely on discussions of senior staff in housing associations and with relevant financial advisers. Aims to review the prospects for housing associations in providing market rent schemes, which have been developed with the benefit of private funds and let at full market rent. This project was supported by the Joseph Rowntree Foundation, and sponsored by RICS.
650 _aHOUSING ASSOCIATIONS
650 _aMARKET RENT HOUSING
690 _aAffordable housing
_96215
700 _aSyms, Paul
710 _aJoseph Rowntree Foundation
_92318
942 _n0
999 _c102627
_d102627